<?xml version="1.0" encoding="UTF-8"?>
<marc:record xmlns:marc="http://www.loc.gov/MARC21/slim">
   <marc:leader>00000nam a2200000 a 4500</marc:leader>
   <marc:datafield ind1="1" ind2=" " tag="100">
      <marc:subfield code="a">Pechermeyer-Michaelides, Norgard</marc:subfield>
      <marc:subfield code="4">aut</marc:subfield>
      <marc:subfield code="e">Verfasser/-in</marc:subfield>
   </marc:datafield>
   <marc:datafield ind1=" " ind2=" " tag="653">
      <marc:subfield code="a">Griechenland</marc:subfield>
   </marc:datafield>
   <marc:datafield ind1=" " ind2=" " tag="653">
      <marc:subfield code="a">Zypern</marc:subfield>
   </marc:datafield>
   <marc:datafield ind1=" " ind2=" " tag="653">
      <marc:subfield code="a">Erzählende Literatur</marc:subfield>
   </marc:datafield>
   <marc:datafield ind1="0" ind2="0" tag="245">
      <marc:subfield code="a">Die Andere</marc:subfield>
   </marc:datafield>
   <marc:datafield ind1="0" ind2="0" tag="245">
      <marc:subfield code="b">Roman</marc:subfield>
   </marc:datafield>
   <marc:datafield ind1="0" ind2="0" tag="245">
      <marc:subfield code="c">Norgard Michaelides</marc:subfield>
   </marc:datafield>
   <marc:datafield ind1=" " ind2="1" tag="264">
      <marc:subfield code="a">München</marc:subfield>
      <marc:subfield code="b">Buch &amp; Media</marc:subfield>
      <marc:subfield code="c">2009</marc:subfield>
   </marc:datafield>
   <marc:datafield ind1="1" ind2=" " tag="520">
      <marc:subfield code="a">Angaben aus der Verlagsmeldung

Die Andere : Roman / von Norgard Michaelides

Endloser Sommer, das Meer immer in Sichtweite, eine Umgebung, die reich ist an kulturhistorischen Schätzen. Die junge Deutsche Else führt ein Leben, das vielen beneidenswert erscheint: Seit Jahren ist sie mit einem Griechen verheiratet und lebt mit ihm und der kleinen gemeinsamen Tochter auf Zypern. Doch das Paradies hat Schattenseiten. Else fühlt sich auch nach der langen Zeit fremd in der Heimat ihres Mannes. Sie ist die Deutsche, die Hellhäutige, die »Andere«. Die Rolle als Mutter und Frau »an seiner Seite« füllt sie nicht aus, sie sehnt sich nach Herausforderung und neuen Impulsen. Als wie aus dem Nichts die frühere Geliebte ihres Mannes auftaucht, wird ihr noch mehr bewusst, dass es Zeit ist, zu handeln. Doch sie muss erkennen, wie schwierig es ist, festgetretene Pfade zu verlassen.
</marc:subfield>
   </marc:datafield>
   <marc:datafield ind1=" " ind2=" " tag="020">
      <marc:subfield code="a">9783865203571</marc:subfield>
      <marc:subfield code="9">9783865203571</marc:subfield>
   </marc:datafield>
   <marc:datafield ind1=" " ind2=" " tag="041">
      <marc:subfield code="a">ger</marc:subfield>
   </marc:datafield>
   <marc:datafield ind1=" " ind2=" " tag="300">
      <marc:subfield code="a">153 S.</marc:subfield>
   </marc:datafield>
</marc:record>
